The Oxford Handbook of jurisprudence and philosophy of law (Registro nro. 88461)

Detalles MARC
000 -ENCABEZADO
Número de control [NR] 01245nam a22003017a 4500
005 - FECHA Y HORA DE LA ÚLTIMA TRANSACCIÓN
control field 20211105120712.0
008 - DE LONGITUD FIJA DE DATOS DE ELEMENTOS - INFORMACIÓN GENERAL
Elementos de longitud fija [NR] 130821s2002 enk gr eng
020 ## - NUMERO INTERNACIONAL NORMALIZADO PARA LIBROS [R]
Número Internacional Normalizado del libro [NR] 0198298242
020 ## - NUMERO INTERNACIONAL NORMALIZADO PARA LIBROS [R]
Número Internacional Normalizado del libro [NR] 9780199270972
040 ## - FUENTE DE CATALOGACION [NR]
Agencia de catalogación original [NR] Co-BoUCM
Idioma de catalogación [NR] spa
Quien Cataloga Saul Niño (Modificó)
Quien Clasifica [Nuevo]
041 00 - CODIGO DE IDIOMA [R]
Código de idioma para texto/pista de sonido o título separado [R] Inglés
245 04 - MENCION DE TITULO [NR]
Título [NR] The Oxford Handbook of jurisprudence and philosophy of law
Mención de responsabilidad, etc. [NR] editores Jules Coleman y Scott Shapiro , Kenneth Einar Himma
246 30 - FORMA VARIANTE DEL TITULO [R]
Título propiamente dicho/forma breve del título [NR] Jurisprudence and philosophy of law
260 ## - PUBLICACION, DISTRIBUCION, ETC. (PIE DE IMPRENTA) [R]
Lugar de publicación, distribución, etc. [R] Oxford (Oxfordshire, Inglaterra)
Nombre del editor, distribuidor, etc. [R] Oxford University Press
Fecha de publicación, distribución, etc. [R] 2002
300 ## - DESCRIPCION FISICA [R]
Extensión [R] x, 1050 páginas
546 ## - NOTA DE IDIOMA [R]
Nota de idioma [NR] Texto en inglés
650 04 - ASIENTO SECUNDARIO DE MATERIA - TERMINO TEMATICO [R]
Término temático o nombre geográfico como elemento de entrada [NR] Derecho natural
9 (RLIN) 12800
650 04 - ASIENTO SECUNDARIO DE MATERIA - TERMINO TEMATICO [R]
Término temático o nombre geográfico como elemento de entrada [NR] Filosofía del derecho
9 (RLIN) 15792
650 04 - ASIENTO SECUNDARIO DE MATERIA - TERMINO TEMATICO [R]
Término temático o nombre geográfico como elemento de entrada [NR] Jurisprudencia
9 (RLIN) 18175
650 04 - ASIENTO SECUNDARIO DE MATERIA - TERMINO TEMATICO [R]
Término temático o nombre geográfico como elemento de entrada [NR] Positivismo jurídico
9 (RLIN) 22108
700 1# - ASIENTO SECUNDARIO - NOMBRE PERSONAL [R]
Nombre personal [NR] Coleman, Jules L.
Término de relación [R] editor
9 (RLIN) 94136
700 1# - ASIENTO SECUNDARIO - NOMBRE PERSONAL [R]
Nombre personal [NR] Shapiro, Scott.
Término de relación [R] editor
9 (RLIN) 95938
856 41 - LOCALIZACION Y ACCESO ELECTRONICOS [R]
Especificación de los materiales [NR] Contenido
Identificador Uniforme del Recurso (“URI”) [R] <a href="http://www.loc.gov/catdir/enhancements/fy0614/2002283629-t.html">http://www.loc.gov/catdir/enhancements/fy0614/2002283629-t.html</a>
856 42 - LOCALIZACION Y ACCESO ELECTRONICOS [R]
Especificación de los materiales [NR] Biografia
Identificador Uniforme del Recurso (“URI”) [R] <a href="http://www.loc.gov/catdir/enhancements/fy0724/2002283629-b.html">http://www.loc.gov/catdir/enhancements/fy0724/2002283629-b.html</a>
856 42 - LOCALIZACION Y ACCESO ELECTRONICOS [R]
Especificación de los materiales [NR] Publicador
Identificador Uniforme del Recurso (“URI”) [R] <a href="http://www.loc.gov/catdir/enhancements/fy0614/2002283629-d.html">http://www.loc.gov/catdir/enhancements/fy0614/2002283629-d.html</a>
942 ## - ELEMENTOS DE ENTRADA AGREGADOS (KOHA)
Tipo de ítem principal el descrito en 300a Libro
Tema principal Derecho
Edición 1
Parte restante de la signatura top. O982
Sistema de clasificación DEWEY
Clasificación 340.1
Existencias
Fecha de último préstamo Total préstamos Signatura topográfica Código de barras Última vez visto Ejemplar Price effective from Tipo de ítem Perdido Sistema de clasificación Dañado No prestable Tipo de ítem específico Suprimido Ubicación habitual Ubicación actual Localización Fecha de creación Forma de adquisición Costo Costo de reposición Proveedor
29/01/2019 7 340.1 O982 100093224 03/12/2025 Ej.2 03/02/2013 Libro de reserva   DEWEY     Libro de reserva   Claustro Claustro 3er piso 30/09/2008 Compra 139870.00    
10/08/2022 1 340.1 O982 100159575 10/06/2026 Ej.3 26/03/2019 Libro   DEWEY     Libro   Claustro Claustro 3er piso 26/03/2019 Compra 251580.00 251580.00 15